000 00523nam a2200145Ia 4500
008 100122s9999 xx 000 0 und d
082 _b25988
_a823
100 _aलाटे दीनानाथ
245 _aचंदनगढीचा ब्रम्हसंमधी
260 _bदिलीप प्रकाशन
_c1978
300 _a260
630 _aचंदनगढीचा ब्रम्हसंमधी
730 _aचंदनगढीचा ब्रम्हसंमधी
942 _cBOOK
999 _c412555
_d412552